Haz clic en el Planeta - Estadísticas

Estadísticas generales
  • Esta prueba ha sido intentada 231 veces
    224 desde el último reinicio
  • La puntuación promedio es 12 de 20
Estadísticas de respuestas
Hint Respuesta % Correcto
Conocido como el "Planeta Rojo" 4. Marte
88%
Planeta más grande 5. Júpiter
86%
Tiene la mayor cantidad de anillos 6. Saturno
82%
Tiene la mayoría de los restaurantes 3. Tierra
79%
Lleva el nombre de la diosa romana del amor 2. Venus
77%
Tiene la mayor cantidad de agua 3. Tierra
76%
El planeta más pequeño 1. Mercurio
71%
A veces está más lejos del sol que Plutón 8. Neptuno
71%
Lleva el nombre del dios romano del mar 8. Neptuno
70%
Primero en tener un metal con su nombre 1. Mercurio
64%
Está siendo explorado por el rover Perseverance de la NASA 4. Marte
63%
Tiene la luna más grande (Ganímedes) 5. Júpiter
56%
Lleva el nombre del dios romano de la guerra 4. Marte
54%
Tiene una gran mancha roja 5. Júpiter
52%
Alcanza las temperaturas más altas 2. Venus
44%
Tiene el eje más inclinado 7. Urano
34%
El planeta rocoso más grande 3. Tierra
33%
Tiene la mayoría de los cráteres y se parece a la luna de la Tierra 1. Mercurio
25%
Tenía una consola de videojuegos SEGA que lleva su nombre. 6. Saturno
21%
El planeta gaseoso más pequeño 8. Neptuno
21%
No se encontraron pruebas coincidentes
Distribución de puntuación
Porcentaje de gente con cada puntuación
Porcentaje por número respondido
Historial de tus puntuaciones
No has intentado esta prueba desde el último reinicio